000
00291nam a22001217a 4500
008
170220b xxu||||| |||| 00| 0 eng d
041
_a
eng
080
_2
6TH
_a
615
100
_a
5
101
_a
SHF
245
_a
ESSENTIALS OF PHARMACOLOGY FOR HEALTH OCCUPATIONS
_c
WOODROW, R
942
_2
udc
_c
BK
999
_c
5854
_d
5854